000 00633nam a2200229 a 4500
999 _c10510
_d10510
001 10510
003 BD-JhCC
005 20180520104647.0
008 180430s1965 nbu |||| b||| 000 0 eng d
035 _a(BD-JhCC)10510
040 _aBD-JhCC
_dBD-JhCC
041 _aeng
082 _a820.9008
_bKAP 1965
100 _aKaplan, Robert B.;
245 _aMajor poems & plays of T.S. Eliot's :
_bNotes /
_cKaplan, Robert B.;
260 _aLincoln :
_bCliff's Notes,
_c1965.
300 _a82 P. :
_c21 cm.
600 _aEliot, T. S. (Thomas Stearns),
_c1888-1965
650 _aEnglish Fiction
942 _2ddc
_cBK